Statistics for Most Populated Non-Asian Capital Cities

Click here to take the quiz!

General Stats

  • This quiz has been taken 32 times
  • The average score is 14 of 15

Answer Stats

Pop(Mill)Answer% Correct
16Buenos Aires
100%
17.1Cairo
100%
14.5London
100%
22.3Mexico City
100%
11.3Paris
100%
7.2Santiago
100%
8.4Washington D.C
100%
9.5Bogota
97%
10.1Lima
97%
6.3Madrid
97%
17.1Moscow
97%
10.9Kinshasa
90%
5.4Nairobi
90%
7.5Luanda
79%
5.7Khartoum
59%

Score Distribution

Percentile by Number Answered

Percent of People with Each Score

Your Score History

You have not taken this quiz